[Event "OP-2014-0-03333"]
[Site "LSS email"]
[Date "2014.03.12"]
[Round "?"]
[White "Rocek, Vladimir"]
[Black "Wajnberg, Piotr"]
[Result "0-1"]
[WhiteElo "1275"]
[BlackElo "2283"]
[PlyCount "62"]
[EventDate "2014.03.09"]
[EventType "tourn (corr)"]
[EventRounds "4"]
[EventCountry "GER"]
[SourceTitle "Telechess CBM 167"]
[Source "ChessBase"]
[SourceDate "2015.07.13"]
[SourceVersion "1"]
[SourceVersionDate "2015.07.13"]
[SourceQuality "1"]

1. e4 c5 2. c3 Nf6 3. e5 Nd5 4. d4 cxd4 5. cxd4 d6 6. Nf3 Nc6 7. Nc3 e6 8. Bb5 dxe5 9. Nxe5 Bd7 10. Bxc6 Bxc6 11. 0-0 Nxc3 12. bxc3 Rc8 13. a4 Bd6 14. Qg4 0-0 15. Bg5 f5 16. Qh4 Qe8 17. Nxc6 Rxc6 18. Rfc1 f4 19. c4 h6 20. Bxh6 gxh6 21. Qxh6 Rf5 22. c5 Bf8 23. Qh4 Qg6 24. Rab1 Rc7 25. Qh3 Rd5 26. Qf3 Bg7 27. Qxf4 Rf7 28. Qb8+ Rf8 29. Qxb7 Rxf2 30. Kxf2 Bxd4+ 31. Ke1 Qe4+ 0-1

[Event "OP-2014-0-03333"]
[Site "LSS email"]
[Date "2014.03.12"]
[Round "?"]
[White "Wajnberg, Piotr"]
[Black "Garcia, Javier"]
[Result "1-0"]
[WhiteElo "2390"]
[BlackElo "832"]
[PlyCount "23"]
[EventDate "2014.03.09"]
[EventType "tourn (corr)"]
[EventRounds "4"]
[EventCountry "GER"]
[SourceTitle "Corr 2022"]
[Source "ChessBase"]
[SourceDate "2021.10.24"]
[SourceVersion "1"]
[SourceVersionDate "2021.10.24"]
[SourceQuality "1"]

1. e4 c5 2. Nc3 d6 3. Nf3 Bg4 4. d4 cxd4 5. Qxd4 Bxf3 6. gxf3 Nc6 7. Qd3 Nf6 8. Bg5 Ne5 9. Qe3 h6 10. Bxf6 exf6 11. f4 Ng6 12. Bb5+ 1-0

[Event "OP-2014-0-03240"]
[Site "LSS email"]
[Date "2014.01.16"]
[Round "?"]
[White "Wajnberg, Piotr"]
[Black "Lenz, Juergen"]
[Result "1-0"]
[WhiteElo "2283"]
[BlackElo "1087"]
[PlyCount "39"]
[EventDate "2014.01.12"]
[EventType "tourn (corr)"]
[EventRounds "4"]
[EventCountry "GER"]
[SourceTitle "Telechess CBM 167"]
[Source "ChessBase"]
[SourceDate "2015.07.13"]
[SourceVersion "1"]
[SourceVersionDate "2015.07.13"]
[SourceQuality "1"]

1. d4 c5 2. d5 Nf6 3. c4 Ne4 4. f3 Qa5+ 5. Nd2 Nd6 6. e4 g6 7. Nh3 Bg7 8. Be2 0-0 9. 0-0 e5 10. a3 f6 11. b4 cxb4 12. Nb3 Qc7 13. c5 Nf7 14. d6 Qd8 15. axb4 Nc6 16. b5 Nd4 17. Nxd4 exd4 18. Bc4 Kh8 19. Bb2 Ne5 20. Bd5 1-0

[Event "OP-2014-0-03223"]
[Site "LSS email"]
[Date "2014.01.06"]
[Round "?"]
[White "Lenz, Juergen"]
[Black "Wajnberg, Piotr"]
[Result "0-1"]
[WhiteElo "1087"]
[BlackElo "2283"]
[PlyCount "52"]
[EventDate "2014.01.02"]
[EventType "tourn (corr)"]
[EventRounds "4"]
[EventCountry "GER"]
[SourceTitle "Telechess CBM 167"]
[Source "ChessBase"]
[SourceDate "2015.07.13"]
[SourceVersion "1"]
[SourceVersionDate "2015.07.13"]
[SourceQuality "1"]

1. d4 Nf6 2. Nf3 d6 3. h3 Nbd7 4. Bf4 g6 5. e3 Bg7 6. Be2 0-0 7. 0-0 b6 8. a4 a5 9. Na3 Bb7 10. c4 Ne4 11. Qc2 e5 12. Bh2 exd4 13. exd4 Ng5 14. d5 Nc5 15. Nb5 Nxf3+ 16. Bxf3 Ba6 17. Rae1 Bxb5 18. cxb5 Qh4 19. b3 Qb4 20. Re7 Rac8 21. Bg4 Rfe8 22. Rxe8+ Rxe8 23. Bd1 Re1 24. Bf4 Rxf1+ 25. Kxf1 Qxf4 26. g3 Qd4 0-1

[Event "OP-2014-0-03223"]
[Site "LSS email"]
[Date "2014.01.06"]
[Round "?"]
[White "Wajnberg, Piotr"]
[Black "Digiglio, Rafael"]
[Result "1-0"]
[WhiteElo "2283"]
[BlackElo "791"]
[PlyCount "47"]
[EventDate "2014.01.02"]
[EventType "tourn (corr)"]
[EventRounds "4"]
[EventCountry "GER"]
[SourceTitle "Telechess CBM 167"]
[Source "ChessBase"]
[SourceDate "2015.07.13"]
[SourceVersion "1"]
[SourceVersionDate "2015.07.13"]
[SourceQuality "1"]

1. d4 d5 2. c4 dxc4 3. e4 e5 4. Nf3 exd4 5. Bxc4 Nc6 6. Qb3 Qd7 7. Bd2 Bd6 8. 0-0 Ne5 9. Nxe5 Bxe5 10. f4 Bf6 11. e5 Be7 12. f5 Nh6 13. f6 Bf8 14. Re1 d3 15. e6 Qd4+ 16. Kh1 Ng4 17. exf7+ Kd7 18. Be6+ Kc6 19. Rc1+ Bc5 20. Bxg4 Bxg4 21. Nc3 Qf2 22. Qd5+ Kb6 23. Na4+ Ka6 24. Rxc5 1-0

[Event "OP-2013-0-03039"]
[Site "LSS email"]
[Date "2013.10.03"]
[Round "?"]
[White "Wajnberg, Piotr"]
[Black "Lenz, Juergen"]
[Result "1-0"]
[WhiteElo "2270"]
[BlackElo "1016"]
[PlyCount "49"]
[EventDate "2013.10.01"]
[EventType "tourn (corr)"]
[EventRounds "4"]
[EventCountry "GER"]
[SourceTitle "Telechess CBM 163"]
[Source "ChessBase"]
[SourceDate "2014.11.11"]
[SourceVersion "2"]
[SourceVersionDate "2014.11.11"]
[SourceQuality "1"]

1. e4 Nf6 2. e5 Nd5 3. d4 d6 4. Nf3 Nc6 5. c4 Nb6 6. e6 fxe6 7. Nc3 e5 8. d5 Nd4 9. Nxd4 exd4 10. Qxd4 e5 11. dxe6 Bxe6 12. Be2 Qd7 13. 0-0 0-0-0 14. a4 Kb8 15. a5 Nc8 16. Be3 Be7 17. Nd5 Bxd5 18. cxd5 Bf6 19. Qc4 Rde8 20. Ra4 Rxe3 21. fxe3 Re8 22. Rb4 b6 23. Bg4 Qe7 24. Be6 Be5 25. Qc6 1-0

[Event "SM-2013-0-00262"]
[Site "LSS email"]
[Date "2013.07.31"]
[Round "?"]
[White "Wajnberg, Piotr"]
[Black "Mondino, Victor Nilo"]
[Result "1-0"]
[WhiteElo "2268"]
[BlackElo "2142"]
[PlyCount "41"]
[EventDate "2013.06.18"]
[EventType "tourn (corr)"]
[EventRounds "6"]
[EventCountry "GER"]
[SourceTitle "Corr 2022"]
[Source "ChessBase"]
[SourceDate "2021.10.24"]
[SourceVersion "1"]
[SourceVersionDate "2021.10.24"]
[SourceQuality "1"]

1. e4 c5 2. Nf3 e6 3. d4 cxd4 4. Nxd4 Nc6 5. Nc3 g6 6. Ndb5 a6 7. Nd6+ Bxd6 8. Qxd6 Qe7 9. Bf4 Nf6 10. Be2 Qxd6 11. Bxd6 Kd8 12. 0-0-0 Ne8 13. Bf4 f6 14. Na4 e5 15. Nb6 Rb8 16. Be3 d6 17. Rd2 Be6 18. Rhd1 Ke7 19. c4 h5 20. h4 Kf7 21. b3 1-0

[Event "SM-2013-0-00259"]
[Site "LSS email"]
[Date "2013.06.20"]
[Round "?"]
[White "Danzanvilliers, Patrice"]
[Black "Wajnberg, Piotr"]
[Result "1/2-1/2"]
[WhiteElo "2233"]
[BlackElo "2260"]
[PlyCount "39"]
[EventDate "2013.06.13"]
[EventType "tourn (corr)"]
[EventRounds "6"]
[EventCountry "GER"]
[SourceTitle "Corr 2022"]
[Source "ChessBase"]
[SourceDate "2021.10.24"]
[SourceVersion "1"]
[SourceVersionDate "2021.10.24"]
[SourceQuality "1"]

1. e4 c5 2. Nf3 d6 3. d4 cxd4 4. Nxd4 Nf6 5. Nc3 a6 6. Bg5 Nbd7 7. Bc4 e6 8. 0-0 Qb6 9. Bb3 Be7 10. a4 Nc5 11. a5 Qc7 12. Ba2 h6 13. Bxf6 Bxf6 14. b4 Nd7 15. Nce2 0-0 16. Nf4 Qc3 17. Ndxe6 fxe6 18. Bxe6+ Kh7 19. Bf5+ Kg8 20. Be6+ 1/2-1/2

[Event "SM-2013-0-00259"]
[Site "LSS email"]
[Date "2013.06.20"]
[Round "?"]
[White "Wajnberg, Piotr"]
[Black "Lovakovic, Franjo"]
[Result "1/2-1/2"]
[WhiteElo "2260"]
[BlackElo "2384"]
[PlyCount "66"]
[EventDate "2013.06.13"]
[EventType "tourn (corr)"]
[EventRounds "6"]
[EventCountry "GER"]
[SourceTitle "Corr 2022"]
[Source "ChessBase"]
[SourceDate "2021.10.24"]
[SourceVersion "1"]
[SourceVersionDate "2021.10.24"]
[SourceQuality "1"]

1. e4 c5 2. Nf3 d6 3. d4 cxd4 4. Nxd4 Nf6 5. Nc3 a6 6. Be3 e5 7. Nb3 Be6 8. h3 Be7 9. f4 exf4 10. Bxf4 0-0 11. Qf3 Nbd7 12. 0-0-0 Qb6 13. Be3 Qc7 14. g4 Ne5 15. Qg2 b5 16. g5 Nfd7 17. Nd5 Bxd5 18. exd5 f5 19. h4 f4 20. Bd4 Rae8 21. Bxe5 Nxe5 22. Nd4 Qa7 23. Kb1 f3 24. Qg3 Bd8 25. Ne6 Bb6 26. h5 Rf7 27. Qh4 h6 28. gxh6 gxh6 29. Qb4 Bc5 30. Qd2 Be3 31. Qc3 Kh8 32. Rh4 Bg5 33. Re4 Rg8 1/2-1/2

[Event "SM-2013-0-00259"]
[Site "LSS email"]
[Date "2013.06.20"]
[Round "?"]
[White "Wajnberg, Piotr"]
[Black "Markus, Roland"]
[Result "1/2-1/2"]
[WhiteElo "2260"]
[BlackElo "2351"]
[PlyCount "80"]
[EventDate "2013.06.13"]
[EventType "tourn (corr)"]
[EventRounds "6"]
[EventCountry "GER"]
[SourceTitle "Corr 2022"]
[Source "ChessBase"]
[SourceDate "2021.10.24"]
[SourceVersion "1"]
[SourceVersionDate "2021.10.24"]
[SourceQuality "1"]

1. d4 Nf6 2. c4 e6 3. Nf3 b6 4. g3 Bb7 5. Bg2 Be7 6. Nc3 0-0 7. Qd3 d5 8. 0-0 Na6 9. a3 c5 10. Rd1 Nc7 11. b3 Qc8 12. cxd5 Ncxd5 13. Bb2 Nxc3 14. Qxc3 cxd4 15. Qxc8 Raxc8 16. Nxd4 Bxg2 17. Kxg2 Ne4 18. f3 Nc5 19. Rdc1 Rfd8 20. b4 Na4 21. Rxc8 Rxc8 22. Rc1 Rxc1 23. Bxc1 a6 24. e4 Kf8 25. f4 Ke8 26. g4 Kd7 27. Kf3 b5 28. e5 Bd8 29. Ne2 Nb6 30. Ke4 Na4 31. f5 g6 32. Nf4 Nc3+ 33. Kd3 Na4 34. Ke4 Nc3+ 35. Kd4 Na4 36. fxg6 fxg6 37. Nd3 Kc6 38. Ke4 Nc3+ 39. Kd4 Ne2+ 40. Ke4 Nc3+ 1/2-1/2

[Event "SM-2013-0-00257"]
[Site "LSS email"]
[Date "2013.06.14"]
[Round "?"]
[White "Kudr, Roman"]
[Black "Wajnberg, Piotr"]
[Result "1/2-1/2"]
[WhiteElo "2199"]
[BlackElo "2265"]
[PlyCount "150"]
[EventDate "2013.05.26"]
[EventType "tourn (corr)"]
[EventRounds "6"]
[EventCountry "GER"]
[SourceTitle "Corr 2022"]
[Source "ChessBase"]
[SourceDate "2021.10.24"]
[SourceVersion "1"]
[SourceVersionDate "2021.10.24"]
[SourceQuality "1"]

1. e4 c5 2. c3 Nf6 3. e5 Nd5 4. d4 cxd4 5. Nf3 Nc6 6. cxd4 d6 7. Bc4 dxe5 8. dxe5 Ndb4 9. Qb3 e6 10. 0-0 Na5 11. Bb5+ Bd7 12. Qa4 Bxb5 13. Qxb5+ Nac6 14. Nc3 a6 15. Qa4 Be7 16. a3 b5 17. Qd1 Nd3 18. Qe2 0-0 19. Rd1 Nxc1 20. Raxc1 Qb6 21. g3 Rfd8 22. Ne4 Rxd1+ 23. Rxd1 Rd8 24. Kg2 Rxd1 25. Qxd1 Qd8 26. Qxd8+ Bxd8 27. Nc5 a5 28. Nd3 Bc7 29. Kf1 a4 30. Ke2 Kf8 31. Ke3 Ke7 32. Ke4 f5+ 33. exf6+ gxf6 34. g4 Kd6 35. Nh4 Na5 36. f4 Nc4 37. Nf3 h6 38. h4 Bb6 39. f5 exf5+ 40. Kxf5 Ne3+ 41. Kf4 Ke6 42. Nb4 f5 43. gxf5+ Nxf5 44. Ke4 Bc5 45. Nc2 Nd6+ 46. Kf4 Bb6 47. Nb4 Bc5 48. Nc2 Bb6 49. Nb4 Nc4 50. Nd3 Kd5 51. Nb4+ Kd6 52. Nd3 Ke6 53. Ke4 Nd6+ 54. Kf4 Kd5 55. h5 Kc4 56. Nc1 Kd5 57. Nd3 Kc4 58. Nc1 Kc5 59. Nd3+ Kd5 60. Nb4+ Ke6 61. Nc2 Nf5 62. Ke4 Ng3+ 63. Kd3 Kf5 64. Nfd4+ Ke5 65. Nxb5 Nxh5 66. Nc3 Nf4+ 67. Kd2 h5 68. Nxa4 Ba7 69. b4 h4 70. Nc5 h3 71. Ne3 Nd5 72. Nf1 Kf4 73. Ke2 Kg4 74. Kf2 Nf6 75. Kg1 Ne4 1/2-1/2

[Event "SM-2013-0-00254"]
[Site "LSS email"]
[Date "2013.05.29"]
[Round "?"]
[White "Wajnberg, Piotr"]
[Black "Savic, Milan"]
[Result "1/2-1/2"]
[WhiteElo "2283"]
[BlackElo "2108"]
[PlyCount "99"]
[EventDate "2013.04.14"]
[EventType "tourn (corr)"]
[EventRounds "6"]
[EventCountry "GER"]
[SourceTitle "Telechess CBM 167"]
[Source "ChessBase"]
[SourceDate "2015.07.13"]
[SourceVersion "1"]
[SourceVersionDate "2015.07.13"]
[SourceQuality "1"]

1. e4 e5 2. Nf3 Nc6 3. Bb5 a6 4. Ba4 Nf6 5. 0-0 Be7 6. d3 b5 7. Bb3 Bb7 8. Nbd2 0-0 9. Re1 d6 10. a4 Na5 11. Ba2 c5 12. c3 Re8 13. Nf1 c4 14. Bg5 Nd7 15. Bxe7 Qxe7 16. dxc4 bxc4 17. Ne3 Nc5 18. Nf5 Qe6 19. Qxd6 Nxe4 20. Qxe6 Rxe6 21. Rad1 g6 22. Ne3 Rc8 23. Nd5 Nc5 24. Rxe5 Kf8 25. Rxe6 fxe6 26. Nb6 Bxf3 27. gxf3 Rb8 28. Nxc4 Nxc4 29. Bxc4 Rxb2 30. Rd8+ Ke7 31. Ra8 Rb1+ 32. Kg2 Ra1 33. Ra7+ Kd8 34. Rxh7 Rxa4 35. Bf1 e5 36. Kg3 Ra1 37. Bh3 Rc1 38. Bg4 Rxc3 39. Kh4 e4 40. Kg5 exf3 41. Kxg6 a5 42. h4 Nd3 43. h5 Nxf2 44. Bf5 Rc6+ 45. Kg5 Rc5 46. Kf6 Rc6+ 47. Ke5 Rc4 48. Rf7 Ng4+ 49. Bxg4 Rxg4 50. Rxf3 1/2-1/2

[Event "OP-2013-0-02804"]
[Site "LSS email"]
[Date "2013.05.28"]
[Round "?"]
[White "Lauer, Fredric"]
[Black "Wajnberg, Piotr"]
[Result "0-1"]
[WhiteElo "989"]
[BlackElo "2246"]
[PlyCount "52"]
[EventDate "2013.05.25"]
[EventType "tourn (corr)"]
[EventRounds "4"]
[EventCountry "GER"]
[SourceTitle "Telechess CBM 161"]
[Source "ChessBase"]
[SourceDate "2014.07.16"]
[SourceVersion "1"]
[SourceVersionDate "2014.07.16"]
[SourceQuality "1"]

1. e4 c6 2. d4 d5 3. exd5 cxd5 4. c4 Nf6 5. Nc3 Nc6 6. Nf3 Bg4 7. cxd5 Nxd5 8. Bb5 Rc8 9. h3 Bh5 10. g4 Bg6 11. Ne5 e6 12. Qa4 Be7 13. Nxc6 bxc6 14. Bxc6+ Kf8 15. Bxd5 exd5 16. Be3 h5 17. 0-0-0 a5 18. Kd2 Rc4 19. Qb3 Rb4 20. Qxd5 Rxb2+ 21. Ke1 Qxd5 22. Nxd5 Be4 23. Nxe7 Bxh1 24. Nf5 hxg4 25. hxg4 Bf3 26. Rc1 Rh1# 0-1

[Event "OP-2013-0-02775"]
[Site "LSS email"]
[Date "2013.05.11"]
[Round "?"]
[White "Broniek, Mariusz Maciej"]
[Black "Wajnberg, Piotr"]
[Result "0-1"]
[WhiteElo "2024"]
[BlackElo "2286"]
[PlyCount "118"]
[EventDate "2013.05.07"]
[EventType "tourn (corr)"]
[EventRounds "4"]
[EventCountry "GER"]
[SourceTitle "Telechess CBM 167"]
[Source "ChessBase"]
[SourceDate "2015.07.13"]
[SourceVersion "1"]
[SourceVersionDate "2015.07.13"]
[SourceQuality "1"]

1. e4 c5 2. Nf3 d6 3. d4 cxd4 4. Nxd4 Nf6 5. Nc3 a6 6. Be3 e6 7. f3 b5 8. Qd2 Nbd7 9. a3 h5 10. a4 b4 11. Nd1 d5 12. exd5 Nxd5 13. Bg5 Qc7 14. Ne3 Bb7 15. 0-0-0 Nxe3 16. Qxe3 Bc5 17. Bc4 0-0 18. Qe2 Rfe8 19. Rhe1 Bd5 20. Bxd5 exd5 21. Qxe8+ Rxe8 22. Rxe8+ Kh7 23. Re2 Qxh2 24. Be3 Qh4 25. Kb1 Qf6 26. b3 h4 27. f4 g6 28. Ree1 Kg8 29. Rh1 Ba7 30. Rh3 a5 31. g4 hxg3 32. Rxg3 Nc5 33. Ne2 Qa6 34. Rg2 Ne4 35. Bc1 Qe6 36. Rh2 Kf8 37. Bb2 Be3 38. Nd4 Qg4 39. Rhh1 f6 40. Rh8+ Kf7 41. Rh7+ Kg8 42. Rdh1 Bxd4 43. Bxd4 Qxf4 44. Bb2 g5 45. Rd7 Qf5 46. Rd8+ Kf7 47. Rd1 g4 48. R1xd5 Qf1+ 49. Rd1 Qe2 50. R1d7+ Kg6 51. Rd1 g3 52. Rg1 f5 53. Rf8 Kg5 54. Bc1+ Kg4 55. Kb2 Qa6 56. Rd1 Qg6 57. Rdd8 Kf3 58. Rg8 Qf6+ 59. Kb1 Nc3+ 0-1

[Event "OP-2013-0-02755"]
[Site "LSS email"]
[Date "2013.04.29"]
[Round "?"]
[White "Lenz, Juergen"]
[Black "Wajnberg, Piotr"]
[Result "0-1"]
[WhiteElo "1083"]
[BlackElo "2246"]
[PlyCount "42"]
[EventDate "2013.04.26"]
[EventType "tourn (corr)"]
[EventRounds "4"]
[EventCountry "GER"]
[SourceTitle "Telechess CBM 161"]
[Source "ChessBase"]
[SourceDate "2014.07.16"]
[SourceVersion "1"]
[SourceVersionDate "2014.07.16"]
[SourceQuality "1"]

1. d4 f5 2. Nc3 Nf6 3. Bg5 d5 4. Bxf6 exf6 5. e3 Be6 6. Bd3 Nc6 7. a3 Qd7 8. Qf3 0-0-0 9. Nge2 g5 10. h3 h5 11. Nc1 g4 12. Qe2 f4 13. Nb3 gxh3 14. gxh3 fxe3 15. Qxe3 Bh6 16. Qf3 Kb8 17. Nc5 Qe7 18. Nxe6 Nxd4 19. Qg3 Qxe6+ 20. Kf1 Rhg8 21. Qh4 Nf3 0-1

[Event "OP-2013-0-02727"]
[Site "LSS email"]
[Date "2013.04.22"]
[Round "?"]
[White "Wajnberg, Piotr"]
[Black "Ederer, Karel"]
[Result "1-0"]
[WhiteElo "2270"]
[BlackElo "1984"]
[PlyCount "95"]
[EventDate "2013.04.08"]
[EventType "tourn (corr)"]
[EventRounds "4"]
[EventCountry "GER"]
[SourceTitle "Telechess CBM 163"]
[Source "ChessBase"]
[SourceDate "2014.11.11"]
[SourceVersion "2"]
[SourceVersionDate "2014.11.11"]
[SourceQuality "1"]

1. e4 e5 2. Nf3 Nc6 3. Bb5 a6 4. Ba4 Nf6 5. 0-0 Be7 6. d3 d6 7. c3 0-0 8. h3 b5 9. Bc2 Bb7 10. Nbd2 h6 11. Re1 Qd7 12. d4 exd4 13. cxd4 Rfe8 14. Nf1 Bf8 15. Ng3 Nb4 16. Bb1 c5 17. d5 g6 18. Bd2 Bg7 19. Qc1 Nbxd5 20. exd5 Bxd5 21. Rxe8+ Rxe8 22. Nh4 Qe6 23. Nxg6 fxg6 24. Bxg6 Ne4 25. Bxe8 Nxg3 26. fxg3 Bd4+ 27. Kh2 Qe2 28. Bf7+ Kxf7 29. Qf1+ Qxf1 30. Rxf1+ Ke6 31. Re1+ Kd7 32. b3 h5 33. Be3 Bg7 34. Rd1 Ke6 35. Re1 Kd7 36. Rd1 Ke6 37. Bf4 c4 38. bxc4 bxc4 39. h4 c3 40. Kh3 Bf8 41. g4 hxg4+ 42. Kxg4 Be4 43. h5 d5 44. h6 Kf7 45. Rf1 Bd3 46. h7 Bg7 47. Rh1 Bh8 48. Bd6 1-0